Japanische Variante von westlichen Namen - Statistiken

Allgemein
  • Dieses Quiz wurde 184 mal gespielt
  • Das Durchschnittsergebnis liegt bei 11 aus 18
Antwortstatistiken
Japanischer Name Deutscher/Englischer Name % Korrekt
Anna Anna
89%
Sara Sarah
87%
Hana Hannah
83%
Rin Lin/Lynn
82%
Maya/Maaya Maya/Maja
79%
Risa Lisa
78%
Rena Lena
76%
Yuria Julia
73%
Naomi Naomi
73%
Ann Anne
68%
Mei May
64%
Ami/Emi Amy
58%
Arisa Alisa
56%
Nana Nana
52%
Arisu Alice
39%
Jun June
28%
Riki Ricky
24%
Rika Erika/Erica
8%
Keine übereinstimmenden Quizze gefunden
Verteilung der Resultate
Anzahl Personen mit jedem Resultat
Perzentil nach korrekt beantworteten Fragen
Ihre Resultats-Entwicklung
Sie haben dieses Quiz noch nicht gespielt